MARC

LEADER 00000nam0a2200000 4500
001 6117
005 20231101204449.0
010 |a 5256005081 
035 |a (RuTPU)RU\TPU\book\6147 
035 |a BOOK00006202 
090 |a 6117 
100 |a 20011209d1997 m y0rusy50 ca 
101 0 |a rus 
102 |a RU 
105 |a y j 000zy 
200 1 |a Телевидение  |e учебник для вузов  |f В. Е. Джакония, А. А. Гоголь, Я. В. Друзин и др.  |g под ред. В. Е. Джаконии 
210 |a Москва  |c Радио и связь  |d 1997 
215 |a 640 с.  |c ил. 
225 1 |a Учебник для высших учебных заведений 
451 1 |0 (RuTPU)RU\TPU\book\152807  |y 978-5-9912-0004-2  |t Телевидение  |o учебник  |f под ред. В. Е. Джаконии  |e 4-е изд., стер.  |c Москва  |n Горячая линия-Телеком  |d 2007  |p 616 с.  |s Специальность 
606 1 |a Телевидение  |x Физические основы  |2 stltpush  |3 (RuTPU)RU\TPU\subj\58809  |9 76556 
610 1 |a телевизионное вещание 
610 1 |a спутниковое телевидение 
610 1 |a кабельное телевидение 
610 1 |a изображение 
610 1 |a передача 
610 1 |a учебные пособия 
675 |a 621.397(075.8)  |v 3 
701 1 |a Джакония  |b В. Е.  |g Владимир Ермилевич 
701 1 |a Гоголь  |b А. А.  |g Александр Александрович 
701 1 |a Друзин  |b Я. В.  |g Ярослав Валериевич 
701 1 |a Ерганжиев  |b Н. А.  |g Николай Аркадьевич 
701 1 |a Коганер  |b С. Э.  |g Сергей Эйзерович 
701 1 |a Колин  |b К. Т.  |g Константин Тимофеевич 
701 1 |a Копылов  |b П. М.  |g Павел Максимович 
701 1 |a Лисогурский  |b В. И.  |g Василий Иванович 
702 1 |a Джакония  |b В. Е.  |g Владимир Ермилевич  |4 340 
801 0 |a RU  |b 63413507  |c 20011209  |g PSBO 
801 2 |a RU  |b 63413507  |c 20140318  |g PSBO 
942 |c BK